Hujan asid

Bibliographic Details
Format: Book
Published: Johor Bahru : Pelangi Sdn Bhd , 1992
Series:Siri Selamatkan Bumi Kita
Subjects:

MARC

LEADER 00000cam a2200000 7i4500
001 0000003335
002 000003599
005 20131021.0
020 |a 9838782289 
090 0 0 |a 363.7   |b HAR 
245 1 0 |a Hujan asid   |c Tony Hare 
260 |a Johor Bahru :   |b Pelangi Sdn Bhd ,   |c 1992 
300 |a 32p. :   |b ill ;   |c 29cm. 
490 0 |a Siri Selamatkan Bumi Kita 
650 0 0 |a Acid rain   |x Juvenile literature 
999 |a 029467   |b BUKU   |c RUJUKAN   |e PERPUSTAKAAN KOMUNITI CAW KOTA DAMANSARA